<?xml version="1.0" encoding="UTF-8"?>
<record
    xmlns:xsi="http://www.w3.org/2001/XMLSchema-instance"
    xsi:schemaLocation="http://www.loc.gov/MARC21/slim http://www.loc.gov/standards/marcxml/schema/MARC21slim.xsd"
    xmlns="http://www.loc.gov/MARC21/slim">

  <leader>00683nam a22002297a 4500</leader>
  <controlfield tag="008">240625b        mp ||||| |||| 00| 0 mon d</controlfield>
  <datafield tag="020" ind1=" " ind2=" ">
    <subfield code="a">99929-0-223-&#x425;</subfield>
  </datafield>
  <datafield tag="035" ind1=" " ind2=" ">
    <subfield code="a">10915</subfield>
  </datafield>
  <datafield tag="040" ind1=" " ind2=" ">
    <subfield code="a">GA0182080</subfield>
    <subfield code="b">mon</subfield>
    <subfield code="c">MN-UlNLM</subfield>
    <subfield code="d">MN-UlNLM</subfield>
    <subfield code="e">rda</subfield>
  </datafield>
  <datafield tag="041" ind1=" " ind2=" ">
    <subfield code="a">mon</subfield>
  </datafield>
  <datafield tag="042" ind1=" " ind2=" ">
    <subfield code="a">73813</subfield>
  </datafield>
  <datafield tag="084" ind1=" " ind2=" ">
    <subfield code="2">NNA</subfield>
    <subfield code="a">84(5)</subfield>
    <subfield code="b">&#x427;-205</subfield>
  </datafield>
  <datafield tag="100" ind1=" " ind2=" ">
    <subfield code="a">&#x427;&#x430;&#x43D;&#x434;&#x430;&#x440; &#x41A;.</subfield>
  </datafield>
  <datafield tag="245" ind1=" " ind2="0">
    <subfield code="a">&#x41C;&#x44F;&#x43D;&#x433;&#x430;&#x43D; &#x44D;&#x440;&#x438;&#x439;&#x43D;  &#x441;&#x44D;&#x442;&#x433;&#x44D;&#x43B;&#x438;&#x439;&#x43D; &#x431;&#x443;&#x43B;&#x430;&#x430;&#x441;&#x430;&#x43D; &#x431;&#x4AF;&#x441;&#x433;&#x4AF;&#x439;:</subfield>
  </datafield>
  <datafield tag="264" ind1=" " ind2=" ">
    <subfield code="a">&#x423;&#x43B;&#x430;&#x430;&#x43D;&#x431;&#x430;&#x430;&#x442;&#x430;&#x440;</subfield>
    <subfield code="b">"&#x41C;&#x43E;&#x43D; &#x441;&#x443;&#x434;&#x430;&#x440;"</subfield>
    <subfield code="c">2003</subfield>
  </datafield>
  <datafield tag="300" ind1=" " ind2=" ">
    <subfield code="a">107&#x445;.</subfield>
  </datafield>
  <datafield tag="336" ind1=" " ind2=" ">
    <subfield code="2">rdacontent</subfield>
    <subfield code="a">text</subfield>
    <subfield code="b">txt</subfield>
  </datafield>
  <datafield tag="337" ind1=" " ind2=" ">
    <subfield code="2">rdamedia</subfield>
    <subfield code="a">unmediated</subfield>
    <subfield code="b">n</subfield>
  </datafield>
  <datafield tag="338" ind1=" " ind2=" ">
    <subfield code="2">rdacarrier</subfield>
    <subfield code="a">volume</subfield>
    <subfield code="b">nc</subfield>
  </datafield>
  <datafield tag="650" ind1=" " ind2=" ">
    <subfield code="a">&#x43C;&#x44F;&#x43D;&#x433;&#x430;&#x43D;  </subfield>
  </datafield>
  <datafield tag="942" ind1=" " ind2=" ">
    <subfield code="2">NNA</subfield>
    <subfield code="c">BK</subfield>
  </datafield>
  <datafield tag="952" ind1=" " ind2=" ">
    <subfield code="0">0</subfield>
    <subfield code="1">0</subfield>
    <subfield code="4">0</subfield>
    <subfield code="6">845_NNA</subfield>
    <subfield code="7">0</subfield>
    <subfield code="8">GA0181</subfield>
    <subfield code="a">GA0182080</subfield>
    <subfield code="b">GA0182080</subfield>
    <subfield code="c">GA0181</subfield>
    <subfield code="d">2024-06-30</subfield>
    <subfield code="g">2700.00</subfield>
    <subfield code="l">0</subfield>
    <subfield code="o">84(5)  NNA</subfield>
    <subfield code="p">GA01810915-4-1</subfield>
    <subfield code="r">2024-06-30</subfield>
    <subfield code="t">31272</subfield>
    <subfield code="y">BK</subfield>
  </datafield>
  <datafield tag="952" ind1=" " ind2=" ">
    <subfield code="0">0</subfield>
    <subfield code="1">0</subfield>
    <subfield code="4">0</subfield>
    <subfield code="6">845_NNA</subfield>
    <subfield code="7">0</subfield>
    <subfield code="8">GA0181</subfield>
    <subfield code="a">GA0182080</subfield>
    <subfield code="b">GA0182080</subfield>
    <subfield code="c">GA0181</subfield>
    <subfield code="d">2024-06-30</subfield>
    <subfield code="g">2700.00</subfield>
    <subfield code="l">0</subfield>
    <subfield code="o">84(5)  NNA</subfield>
    <subfield code="p">GA01810915-4-2</subfield>
    <subfield code="r">2024-06-30</subfield>
    <subfield code="t">31273</subfield>
    <subfield code="y">BK</subfield>
  </datafield>
  <datafield tag="952" ind1=" " ind2=" ">
    <subfield code="0">0</subfield>
    <subfield code="1">0</subfield>
    <subfield code="4">0</subfield>
    <subfield code="6">845_NNA</subfield>
    <subfield code="7">0</subfield>
    <subfield code="8">GA0181</subfield>
    <subfield code="a">GA0182080</subfield>
    <subfield code="b">GA0182080</subfield>
    <subfield code="c">GA0181</subfield>
    <subfield code="d">2024-06-30</subfield>
    <subfield code="g">2700.00</subfield>
    <subfield code="l">0</subfield>
    <subfield code="o">84(5)  NNA</subfield>
    <subfield code="p">GA01810915-4-3</subfield>
    <subfield code="r">2024-06-30</subfield>
    <subfield code="t">43593</subfield>
    <subfield code="y">BK</subfield>
  </datafield>
  <datafield tag="952" ind1=" " ind2=" ">
    <subfield code="0">0</subfield>
    <subfield code="1">0</subfield>
    <subfield code="4">0</subfield>
    <subfield code="6">845_NNA</subfield>
    <subfield code="7">0</subfield>
    <subfield code="8">GA0183</subfield>
    <subfield code="a">GA0182080</subfield>
    <subfield code="b">GA0182080</subfield>
    <subfield code="c">GA0183</subfield>
    <subfield code="d">2024-06-30</subfield>
    <subfield code="g">2700.00</subfield>
    <subfield code="l">0</subfield>
    <subfield code="o">84(5)  NNA</subfield>
    <subfield code="p">GA01810915-1</subfield>
    <subfield code="r">2024-06-30</subfield>
    <subfield code="t">31271</subfield>
    <subfield code="y">BK</subfield>
  </datafield>
  <datafield tag="999" ind1=" " ind2=" ">
    <subfield code="c">1033352</subfield>
    <subfield code="d">1033409</subfield>
  </datafield>
</record>
